000
00299nam a2200121Ia 4500
008
220803s9999 xx 000 0 und d
041
_a
eng
082
_a
823 VIL
100
_a
Vilas S
_9
30113
245
_a
Rise Of The Sun Prince
260
_a
Ahmedabad
_b
Jaico Publishing House
_c
2014
300
_a
250p
999
_c
18944
_d
18944